| LEADER 00000nam 2200000uu 4500 |
| 008 131030s2553||||th 000 0 tha d |
| 020 ^a9786161103248
|
| 041 0 ^atha
|
| 060 4 ^aวจ WM274 บ249 2553
|
| 100 0 ^aบังอร สุปรีดา...[และคนอื่นๆ].
|
| 245 00 ^aรายงานวิจัยเชิงปฏิบัติการ เรื่อง การมีส่วนร่วมของชุมชนเพื่อลดการดื่มและการดูแลผู้มีปัญหาจากการดื่มสุรา =^bCommunity participation in reduction of alcohol consumption and care for problem drinkers./^cบังอร สุปรีดา...[และคนอื่นๆ].
|
| 250 ^aพิมพ์ครั้งที่ 2
|
| 260 ^aเชียงใหม่ : ^bแผนงานการพัฒนาระบบ รูปแบบ และวิธีการบำบัดรักษาผู้มีปัญหาการบริโภคสุราแบบบูรณาการ (ผรส.),^c2553.
|
| 300 ^a74 หน้า : ^bภาพประกอบ ;^c30 ซม.
|
| 650 4 ^aการดื่มเครื่องดื่มที่มีแอลกอฮอล์ ^xการป้องกันและควบคุม.
|
| 700 0 ^aบังอร สุปรีดา
|
| 710 2 ^aแผนงานการพัฒนาระบบ รูปแบบ และวิธีการบำบัดรักษาผู้มีปัญหาการบริโภคสุราแบบบูรณาการ (ผรส.)
|
| 710 2 ^aกระทรวงสาธารณสุข กรมการแพทย์.
|
| 999 ^aใช้งานได้ทุกระบบ
|